00464 2200169 4500001002100000005001500021035002000036245006700056100002300123250001700146300002800163260003400191082001200225084001800237020002200255650001700277INLIS00000000000073720241018083540 a0010-10240000301 aAku Gemar Mengaji :bPesantren itu Keren /cYazidah Nur Rahmah0 aYazidah Nur Rahmah aCetakan ke-1 a32 hlm :bIlus ;c25 cm aSolo :bTiga Serangkai,c2020 a2X7.341 a2X7.341 YAZ a a978-623-206-431-7 4aReligi Islam